000 00430nam a22001697a 4500
003 MPLRDC
005 20220104144401.0
008 210129b ||||| |||| 00| 0 eng d
082 _a857.257 JXY
100 _a蒋星煜
245 _a明刊本西厢记研究
_c
250 _a一版一刷
260 _a
_b中国戏剧出版社
_c1982
300 _b
650 _a笔记; 异闻小说--西厢记
942 _cBK
_o857.257 JXY
999 _c49085
_d49075